Monster Flavors - Statistics

General Stats
  • This quiz has been taken 17 times
  • The average score is 16 of 61
Answer Stats
Flavor % Correct
M-80
87%
Ultra Blue
80%
White
73%
Fiesta Mango
67%
Ultra Red
67%
Original
60%
Ruby Red
60%
Ultra Black
47%
Dragon Ice Tea
40%
Green Tea
40%
Mango Loco
40%
Pipeline Punch
40%
Rojo Tea
40%
Strawberry Dreams
40%
Ultra Violet
40%
Viking Berry
40%
Aussie Lemonade
33%
Pacific Punch
33%
Peach Tea
33%
Punk Punch
33%
Voodoo Grape
33%
Watermelon
33%
Wild Berry Tea
33%
Bad Apple
27%
Lando Norris
27%
Nitro
27%
Paradise
27%
Rio Punch
27%
Vice Guava
27%
Wild Passion
27%
Café Latte
20%
Lemonade
20%
Peach Keen
20%
Ripper
20%
Strawberry Lemonade
20%
Strawberry Shot
20%
Ultra Rosá
20%
Assault
13%
Blue Hawaiian
13%
Electric Blue
13%
Import
13%
Lo-Carb
13%
Red White and Blue Razz
13%
Salted Caramel
13%
Sunrise
13%
Ballers Blend
7%
Irish Crème
7%
Khaos
7%
Lewis Hamilton 44
7%
Lo Ball
7%
Loca Moca
7%
Mean Bean
7%
Orange Dreamsicle
7%
Peaches n’ Crème
7%
Rosá
7%
Ultra Citron
7%
Chai Hai
0%
Heavy Metal
0%
Maxx Solaris
0%
Orangeade
0%
Russian
0%
No matching quizzes found
Score Distribution
Percent of People with Each Score
Percentile by Number Answered
Your Score History
You have not taken this quiz